| 000 | 01248nam0a22002651 4500 | ||
|---|---|---|---|
| 001 | rc\4542586 | ||
| 005 | 20260406120410.0 | ||
| 021 |
_aRU _b[63-34663] |
||
| 035 | _a(NLR Aleph) 008636418 | ||
| 090 |
_a8914911 _c8914911 |
||
| 100 | _a20130416d1963 |||y0rusy50 ca | ||
| 101 | 0 | _arus | |
| 102 | _aRU | ||
| 105 | _ay z ||||| | ||
| 200 | 1 |
_aКниги о коммунистическом воспитании - каждому читателю! _eМетод. материалы в помощь работникам библиотек Костром. области _fКостром. обл. б-ка им. Н.К. Крупской. Метод. отд. |
|
| 210 |
_aКострома _cБ. и. _d1963 |
||
| 215 |
_a39 с. _d20 |
||
| 606 |
_aКоммунистическое воспитание _jМатериалы для библиотек _2psbo |
||
| 606 |
_aБиблиотеки _xРабота с общественно-политической литературой _2psbo |
||
| 712 | 0 | 2 |
_aКостромская областная научная библиотека им. Н. К. Крупской _3RU\NLR\AUTH\8812794 _9298482 |
| 801 | 0 |
_aRU _bNLR _gpsbo |
|
| 801 | 1 |
_aRU _bELAR _2rusmarc |
|
| 852 |
_aNLR _jБ 8230/К532 |
||
| 942 | _cBOOK | ||
| 980 | _aNB | ||